000
00292nam a22001217a 4500
008
180516b xxu||||| |||| 00| 0 eng d
041
_a
eng
080
_a
043.3
100
_a
0
101
_a
MBE-BTH
245
_a
The strategies for product life cycle extension
_c
Bunjaku,A
942
_2
udc
_c
BK
999
_c
45855
_d
45855